000 00419nam a2200157Ia 4500
999 _c15260
_d15260
082 _aTA.0029
100 _aAssadi, Morteza
245 0 _aImport substitution strategy and industrialization in Iran
260 _c1988
_bJamia Millia Islamia
300 _a374
650 _aImport substitution
_zIran
650 _aIndustrialization
_zIran
650 _aIran
_vIndustries
710 _aBilgrani, A.R.
942 _cTH
_2ddc